| 000 | 00000nam##2200000za#4500 |
| 001 | 9.619084 |
| 003 | CaOODSP |
| 005 | 20210615103240 |
| 007 | ta |
| 008 | 150406|2008||||xxc||||| f|0| 0 eng|d |
| 022 | |a0706-6457 |
| 040 | |aCaOODSP|beng |
| 043 | |an-cn--- |
| 086 | 1 |aFs97-6/2792E |
| 110 | 1 |aCanada. |bDepartment of Fisheries and Oceans. |
| 245 | 10|aHistoric inshore distributions of hatchery and wild juvenile salmon and young-of-the-year herring in the Strait of Georgia, British Columbia, with implications for explaining variability in the returns of coho and chinook salmon / |cby R.W. Tanasichuk, A.W. Argue, and R.W. Armstrong. |
| 260 | |aNanaimo - British Columbia : |bFisheries and Oceans Canada |c2008. |
| 300 | |avi, 36p. : |bgraphs, map, references, tables ; |c28 cm. |
| 490 | 1 |aCanadian technical report of fisheries and aquatic sciences|x0706-6457|v2792 |
| 500 | |a"Fisheries and Oceans Canada, Science Branch, Pacific Region, Pacific Biological Station, Nanaimo, British Columbia V9T 6N7."--Cover. |
| 546 | |a(Résumé en français.) |
| 563 | |aSoftcover |
| 590 | |a08-43|b2008-10-24 |
| 720 | 1 |aArmstrong, R. W. |
| 720 | 1 |aArgue, A. W. |
| 720 | 1 |aTanasichuk, R. W. |
| 776 | 0#|tHistoric inshore distributions of hatchery and wild juvenile salmon and young-of-the-year herring in the Strait of Georgia, British Columbia, with implications for explaining variability in the returns of coho and chinook salmon / |w(CaOODSP)9.574393 |
| 830 | #0|aCanadian technical report of fisheries and aquatic sciences,|x0706-6457|v2792|w(CaOODSP)9.514691 |